[Event "ESP-chT Div Honor 2018"]
[Site "Linares"]
[Date "2018.08.06"]
[Round "1"]
[White "Navara, David"]
[Black "Kuzubov, Yuriy"]
[Result "1-0"]
[WhiteElo "2741"]
[BlackElo "2647"]
[Annotator "TA"]
[EventDate "2018.08.06"]
[PlyCount "83"]
[EventType "team-tourn"]
[EventCountry "ESP"]

1. c4 Nf6 2. Nc3 e5 3. Nf3 Nc6 4. e3 Bb4 5. Qc2 Bxc3 6. Qxc3 Qe7 7. b3 d5
8. d4 exd4 9. Nxd4 Nxd4 10. Qxd4 c5 11. Qf4 Be6 $146 12. cxd5 Nxd5 13. Bb5+
Bd7 14. Qc4 O-O-O 15. Bxd7+ Rxd7 16. O-O Kb8 17. Bb2 f6 18. Rfc1 Rc8 19.
Ba3 Qd8 20. Qe4 Qa5 21. Qf5 Rdd8 22. Bb2 g6 23. Qf3 f5 $1 24. e4 fxe4 25.
Qxe4 Nb4 26. Rd1 Nc6 27. Rxd8 Rxd8 28. Bf6 Rc8 29. Qe6 a6 30. Bh4 Qc3 31.
Rf1 $36 Qh8 32. Qd6+ Ka8 33. Qxc5 Nd4 34. Qd5 Nf5 35. Bg5 Qe8 36. g4 h6 37.
gxf5 hxg5 38. f6 Qf8 39. Qd7 $1 $18 Kb8 $2 40. f7 $1 Rd8 41. Qe6 Ka7 42.
Re1 1-0

[Event "ESP-chT Div Honor 2018"]
[Site "Linares"]
[Date "2018.08.06"]
[Round "1"]
[White "Harikrishna, Pentala"]
[Black "Kryvoruchko, Yuriy"]
[Result "1/2-1/2"]
[WhiteElo "2739"]
[BlackElo "2711"]
[Annotator "TA"]
[EventDate "2018.08.06"]
[PlyCount "83"]
[EventType "team-tourn"]
[EventCountry "ESP"]

1. e4 e5 2. Nf3 Nc6 3. Bb5 Nf6 4. O-O Nxe4 5. d4 Nd6 6. Bxc6 dxc6 7. dxe5
Nf5 8. Qxd8+ Kxd8 9. h3 Be7 10. Nc3 Nh4 11. Nxh4 Bxh4 12. Be3 Ke8 13. Ne2
Be7 $146 14. g4 f5 15. exf6 $1 gxf6 16. Bf4 h5 17. f3 hxg4 18. hxg4 Be6 19.
Kg2 Rd8 20. Rh1 Kf7 21. Rxh8 Rxh8 22. Nd4 Bd6 23. Nxe6 Kxe6 $11 24. Re1+
Kf7 25. Bg3 Bxg3 26. Kxg3 Rd8 27. Re2 c5 28. Kf4 b5 29. b3 c6 30. Rh2 Kg6
31. Kg3 Rd5 32. f4 Kg7 33. Re2 Kf7 34. f5 Rd6 35. Kh4 a5 36. g5 Rd4+ 37.
Kh5 fxg5 $1 38. Kxg5 c4 39. Re6 Rd2 40. Rf6+ Kg7 41. Rg6+ Kf7 42. Rf6+
1/2-1/2

[Event "ESP-chT Div Honor 2018"]
[Site "Linares"]
[Date "2018.08.06"]
[Round "1"]
[White "Vitiugov, Nikita"]
[Black "Leko, Peter"]
[Result "1/2-1/2"]
[WhiteElo "2730"]
[BlackElo "2691"]
[Annotator "TA"]
[EventDate "2018.08.06"]
[PlyCount "66"]
[EventType "team-tourn"]
[EventCountry "ESP"]

1. c4 c5 2. Nf3 Nf6 3. d4 cxd4 4. Nxd4 Nc6 5. g3 e5 6. Nb5 Bb4+ 7. N1c3 d6
8. a3 Bxc3+ 9. Nxc3 Be6 10. Bg2 Bxc4 11. Bg5 O-O 12. Rc1 Rc8 13. O-O Nd4
$146 14. Bxb7 Rb8 15. Bd5 Nxd5 16. Bxd8 Nxc3 17. bxc3 Nxe2+ 18. Kg2 Nxc1
19. Bg5 Bxf1+ 20. Kxf1 Nb3 21. Qxd6 Rfc8 22. Qxe5 Nc5 23. Be3 Rb7 24. a4
Rbc7 25. a5 h6 26. Kg2 a6 27. Qd5 Rc6 28. Bd4 Ne6 29. Bb6 Nc5 30. Qd4 Kf8
31. Qb4 Kg8 32. Qd4 Kf8 33. Qb4 Kg8 1/2-1/2

[Event "ESP-chT Div Honor 2018"]
[Site "Linares"]
[Date "2018.08.06"]
[Round "1"]
[White "Saric, Ivan"]
[Black "Adhiban, Baskaran"]
[Result "1/2-1/2"]
[WhiteElo "2690"]
[BlackElo "2671"]
[Annotator "TA"]
[EventDate "2018.08.06"]
[PlyCount "88"]
[EventType "team-tourn"]
[EventCountry "ESP"]

1. e4 c5 2. Nf3 e6 3. d4 cxd4 4. Nxd4 Nc6 5. Nc3 Qc7 6. g3 a6 7. Bg2 Nf6 8.
O-O Be7 9. Re1 O-O 10. Nxc6 dxc6 11. e5 Rd8 12. Qf3 Nd5 13. h4 Nxc3 14.
Qxc3 Bd7 15. Be3 $146 c5 16. Rad1 Rac8 17. h5 Bc6 18. Rxd8+ Qxd8 19. Qc4 b5
20. Qf1 Bxg2 21. Qxg2 Qd5 22. Qxd5 exd5 $11 23. c3 f6 24. Rd1 d4 25. cxd4
cxd4 26. Rxd4 Bc5 27. Rd3 $16 Bxe3 28. Rxe3 fxe5 29. Ra3 Rc2 $11 30. b3 Rc6
31. Kg2 e4 32. g4 Kf7 33. Kg3 Ke6 34. b4 Kd5 35. g5 Ke5 36. Kg4 Rc4 37.
Rxa6 Rxb4 38. Ra7 e3+ 39. Kf3 exf2 40. Kxf2 Kf5 41. Rxg7 Ra4 42. h6 Rxa2+
43. Kg3 Ra1 44. Rxh7 Ke5 $2 1/2-1/2

[Event "ESP-chT Div Honor 2018"]
[Site "Linares"]
[Date "2018.08.06"]
[Round "1"]
[White "Anton Guijarro, David"]
[Black "Forcen Esteban, Daniel"]
[Result "1-0"]
[WhiteElo "2652"]
[BlackElo "2569"]
[Annotator "TA"]
[EventDate "2018.08.06"]
[PlyCount "69"]
[EventType "team-tourn"]
[EventCountry "ESP"]

1. d4 e6 2. c4 Bb4+ 3. Bd2 a5 4. Nf3 Nf6 5. e3 b6 6. Bd3 Bb7 7. O-O O-O 8.
Nc3 d6 9. Rc1 Nbd7 10. Qe2 $146 Bxc3 11. Bxc3 Ne4 12. Nd2 f5 13. Bxe4 fxe4
14. Qg4 Rf6 $1 15. Nxe4 Rg6 16. Qf3 Rb8 $1 17. d5 exd5 18. cxd5 Bxd5 19.
Rfd1 Bxa2 20. Ng3 Be6 21. Nh5 Rg5 22. h3 Bb3 23. Rd2 Qf8 24. Nf4 Ne5 25.
Bxe5 $1 $11 dxe5 26. Rxc7 exf4 27. exf4 Rb5 28. Rdd7 $1 Qf6 29. Rxg7+ Qxg7
30. Rxg7+ Kxg7 31. f5 Rf8 32. Qg3+ Kf7 $2 33. f6 $1 $18 Rg8 34. Qc7+ Kg6
35. f7 $1 1-0

[Event "ESP-chT Div Honor 2018"]
[Site "Linares"]
[Date "2018.08.06"]
[Round "1"]
[White "Edouard, Romain"]
[Black "Rakhmanov, Alexander"]
[Result "1/2-1/2"]
[WhiteElo "2638"]
[BlackElo "2629"]
[Annotator "TA"]
[EventDate "2018.08.06"]
[PlyCount "60"]
[EventType "team-tourn"]
[EventCountry "ESP"]

1. e4 e5 2. Nf3 Nf6 3. Nxe5 d6 4. Nf3 Nxe4 5. d4 d5 6. Bd3 Bf5 7. O-O Be7
8. Re1 O-O 9. c4 Nc6 10. cxd5 Qxd5 11. Nc3 Nxc3 12. bxc3 Rae8 13. Bf4 Bxd3
14. Qxd3 Bd6 15. Ng5 $146 f5 16. Bxd6 cxd6 17. Reb1 a6 18. Nf3 Ne5 19. Nxe5
dxe5 20. Qd1 exd4 21. Qxd4 Qxd4 22. cxd4 $11 Rf7 23. Kf1 Re4 24. Rb4 Rd7
25. Rd1 Kf7 26. Rdb1 b5 27. a4 Rdxd4 28. Rxd4 Rxd4 29. axb5 axb5 30. Rxb5
Kg6 1/2-1/2

[Event "ESP-chT Div Honor 2018"]
[Site "Linares"]
[Date "2018.08.06"]
[Round "1"]
[White "Meier, Georg"]
[Black "Rodshtein, Maxim"]
[Result "1/2-1/2"]
[WhiteElo "2638"]
[BlackElo "2678"]
[Annotator "TA"]
[EventDate "2018.08.06"]
[PlyCount "64"]
[EventType "team-tourn"]
[EventCountry "ESP"]

1. d4 Nf6 2. c4 e6 3. Nf3 d5 4. g3 Bb4+ 5. Bd2 Be7 6. Bg2 c6 7. O-O Nbd7 8.
Qc2 O-O 9. Rc1 b6 10. cxd5 cxd5 11. Nc3 Bb7 12. Qd1 $146 a6 13. Rc2 Rc8 14.
Rac1 h6 15. Bf4 b5 16. h4 Nh5 17. Bd2 Nhf6 18. e3 Qb6 19. Ne2 Ne4 20. Be1
b4 21. Nf4 a5 22. Bf1 Bd6 23. Nd3 Rxc2 24. Rxc2 Ba6 25. Nfe5 Nxe5 26. Nxe5
Bxf1 27. Kxf1 Bxe5 $1 28. dxe5 b3 29. axb3 $11 Nc5 30. Rc3 Ne4 31. Rc2 Nc5
32. Rc3 Ne4 1/2-1/2

[Event "ESP-chT Div Honor 2018"]
[Site "Linares"]
[Date "2018.08.06"]
[Round "1"]
[White "Kokarev, Dmitry"]
[Black "Oparin, Grigoriy"]
[Result "1/2-1/2"]
[WhiteElo "2608"]
[BlackElo "2609"]
[Annotator "TA"]
[EventDate "2018.08.06"]
[PlyCount "68"]
[EventType "team-tourn"]
[EventCountry "ESP"]

1. e4 c6 2. d4 d5 3. Nc3 dxe4 4. Nxe4 Nf6 5. Nxf6+ exf6 6. c3 Bd6 7. Bd3
O-O 8. Ne2 Re8 9. O-O Nd7 10. Bf4 Nf8 11. Qd2 Ne6 12. Bxd6 Qxd6 13. Rfe1
Bd7 14. Rad1 $146 g6 15. Bc4 Rad8 16. Qe3 Kg7 17. Qg3 Qxg3 18. Nxg3 b6 19.
Ne2 Nc7 20. Nc1 Be6 21. Bb3 Rd6 22. f3 Red8 23. Kf2 a5 24. Bc2 Bc4 25. Bd3
Bxd3 26. Rxd3 c5 27. Ne2 b5 28. a3 c4 29. Rd2 Nd5 30. g3 Re6 31. Nf4 Nxf4
32. gxf4 Kf8 33. Re4 Rd5 34. Rd1 a4 1/2-1/2

[Event "ESP-chT Div Honor 2018"]
[Site "Linares"]
[Date "2018.08.06"]
[Round "1"]
[White "Antipov, Mikhail Al"]
[Black "Volkov, Sergey"]
[Result "1/2-1/2"]
[WhiteElo "2598"]
[BlackElo "2557"]
[TimeControl "40/5400+30:1800+30"]
[Annotator "ChessBase"]
[EventDate "2018.08.06"]
[PlyCount "62"]
[EventType "team-tourn"]
[EventCountry "ESP"]

1. e4 e6 2. d4 d5 3. Nc3 Nf6 4. Bg5 dxe4 5. Nxe4 Nbd7 6. Nf3 Be7 7. Nxf6+
Bxf6 8. h4 O-O 9. Qd2 e5 10. O-O-O e4 11. Bxf6 Nxf6 12. Ne5 Qe7 13. h5 Be6
14. h6 g6 15. c4 Ne8 16. Be2 f6 17. Ng4 b5 18. Ne3 bxc4 19. Bxc4 Nd6 20.
Bxe6+ Qxe6 21. d5 Qe5 22. Kb1 f5 23. g3 a5 24. Rc1 Ra7 25. Nc4 Nxc4 26.
Rxc4 Rd8 27. Rd1 Rb7 28. Rd4 Rb5 29. Qc3 Rdb8 30. R1d2 Kf7 31. Rc2 R8b7
1/2-1/2

[Event "ESP-chT Div Honor 2018"]
[Site "Linares"]
[Date "2018.08.06"]
[Round "1"]
[White "Baklan, Vladimir"]
[Black "Ponomariov, Ruslan"]
[Result "1/2-1/2"]
[WhiteElo "2596"]
[BlackElo "2686"]
[Annotator "TA"]
[EventDate "2018.08.06"]
[PlyCount "104"]
[EventType "team-tourn"]
[EventCountry "ESP"]

1. e4 e5 2. Nf3 Nc6 3. Bb5 a6 4. Ba4 d6 5. O-O Bd7 6. d4 Nxd4 7. Bxd7+ Qxd7
8. Nxd4 exd4 9. Qxd4 Nf6 10. Nc3 Be7 11. b3 O-O 12. Bb2 Rfe8 13. Rfe1 c6
$146 14. Qd3 Qe6 15. Rad1 Rad8 16. h3 Nd7 17. Qg3 Qg6 18. Qxg6 hxg6 19. Nb1
Bf6 20. Bxf6 Nxf6 21. Nc3 Kf8 22. Re3 d5 23. exd5 Rxe3 24. fxe3 cxd5 $11
25. e4 Rc8 26. Nxd5 Rxc2 27. Nxf6 gxf6 28. Rd6 Rxa2 29. Rb6 Re2 30. Rxb7
Rxe4 31. b4 f5 32. Kf2 Kg7 33. b5 axb5 34. Rxb5 g5 35. Rb7 Kg6 $15 36. Ra7
f4 37. Ra5 f6 38. Rb5 Re5 39. Rb6 Kf5 40. Ra6 Re6 41. Ra5+ Kg6 $1 42. Ra8
Rb6 43. Ra5 f5 44. Ra8 $11 g4 45. hxg4 fxg4 46. Rg8+ Kf5 47. Rf8+ Rf6 48.
Ra8 Re6 49. Rf8+ $1 Ke4 50. g3 fxg3+ 51. Kxg3 Rg6 52. Rf4+ Ke5 1/2-1/2

[Event "ESP-chT Div Honor 2018"]
[Site "Linares"]
[Date "2018.08.06"]
[Round "1"]
[White "Santos Latasa, Jaime"]
[Black "Alshameary Puente, Ismael"]
[Result "1/2-1/2"]
[WhiteElo "2582"]
[BlackElo "2343"]
[TimeControl "40/5400+30:1800+30"]
[Annotator "ChessBase"]
[EventDate "2018.08.06"]
[PlyCount "114"]
[EventType "team-tourn"]
[EventCountry "ESP"]

1. e4 e5 2. Nf3 Nc6 3. Bb5 a6 4. Ba4 Nf6 5. O-O Be7 6. Re1 b5 7. Bb3 d6 8.
c3 O-O 9. h3 Bb7 10. d4 Re8 11. a3 h6 12. Nbd2 Bf8 13. Bc2 Nb8 14. b3 Nbd7
15. Bb2 Rb8 16. a4 Ba8 17. axb5 axb5 18. Ra2 c5 19. d5 Qb6 20. Qe2 Nh5 21.
Rea1 Rec8 22. Qf1 Qd8 23. Bd3 b4 24. Ba6 Bb7 25. Bxb7 Rxb7 26. g3 Nhf6 27.
Ne1 Rbb8 28. Nd3 bxc3 29. Bxc3 Ra8 30. Ba5 Qe8 31. Nb2 Rcb8 32. Nbc4 Ra7
33. Kg2 Rba8 34. Ra4 Qb8 35. R1a2 Ne8 36. Qa1 Qb7 37. Bc3 Rxa4 38. Rxa4 Nc7
39. Rxa8 Nxa8 40. Qa4 Nab6 41. Qc6 Qb8 42. Nxb6 Nxb6 43. Ba5 Nc8 44. Bc7
Qb4 45. Qa8 Nb6 46. Qd8 c4 47. Nxc4 Nxc4 48. bxc4 g6 49. Qb8 Qc5 50. Kg1
Kg7 51. Bd8 Qxc4 52. Bf6+ Kxf6 53. Qxf8 Qb4 54. Kh2 Qc5 55. Kg2 Qb4 56. Kh2
Qc5 57. Kg2 Qb4 1/2-1/2

[Event "ESP-chT Div Honor 2018"]
[Site "Linares"]
[Date "2018.08.06"]
[Round "1"]
[White "Ibarra Jerez, Jose Carlos"]
[Black "Osmak, Iulija"]
[Result "1-0"]
[WhiteElo "2570"]
[BlackElo "2410"]
[TimeControl "40/5400+30:1800+30"]
[Annotator "ChessBase"]
[EventDate "2018.08.06"]
[PlyCount "103"]
[EventType "team-tourn"]
[EventCountry "ESP"]

1. e4 e6 2. d4 d5 3. Nd2 c5 4. exd5 Qxd5 5. Ngf3 cxd4 6. Bc4 Qd6 7. O-O Nc6
8. Nb3 Nf6 9. Nbxd4 Nxd4 10. Nxd4 Be7 11. b3 O-O 12. Bb2 a6 13. a4 Qc7 14.
Qf3 Bd7 15. Rfe1 Rfe8 16. h3 Rad8 17. Qe2 Bb4 18. Red1 Bc8 19. Nf3 Rxd1+
20. Rxd1 Rd8 21. Ne5 Rxd1+ 22. Qxd1 Bd6 23. Qd4 Qc5 24. Qd3 h6 25. Qe2 Qc7
26. Bd4 Bc5 27. Qe3 Bxd4 28. Qxd4 Nd7 29. f4 Nxe5 30. fxe5 Bd7 31. Bd3 Bc6
32. c3 Qe7 33. h4 Kf8 34. a5 Ke8 35. b4 Qd8 36. Qxd8+ Kxd8 37. Kf2 f6 38.
g3 fxe5 39. Ke3 Kc7 40. c4 Bg2 41. Be2 Bc6 42. Bg4 Kd7 43. h5 Ke7 44. Bf3
Kd6 45. Bxc6 bxc6 46. Ke4 c5 47. bxc5+ Kxc5 48. Kxe5 Kb4 49. Kxe6 Kxa5 50.
c5 Kb5 51. Kd6 a5 52. c6 1-0

[Event "ESP-chT Div Honor 2018"]
[Site "Linares"]
[Date "2018.08.06"]
[Round "1"]
[White "Muzychuk, Anna"]
[Black "Korneev, Oleg"]
[Result "1/2-1/2"]
[WhiteElo "2564"]
[BlackElo "2513"]
[TimeControl "40/5400+30:1800+30"]
[Annotator "ChessBase"]
[EventDate "2018.08.06"]
[PlyCount "71"]
[EventType "team-tourn"]
[EventCountry "ESP"]

1. e4 e5 2. Nf3 Nc6 3. d4 exd4 4. Nxd4 Bb4+ 5. c3 Bc5 6. Be3 Bb6 7. Nf5
Bxe3 8. Nxe3 Nf6 9. f3 O-O 10. c4 d6 11. Nc3 Nd7 12. Bd3 Nc5 13. O-O Nxd3
14. Qxd3 Ne5 15. Qd2 Be6 16. b3 f6 17. f4 Nf7 18. Rad1 Re8 19. Qd4 b6 20.
Ne2 c6 21. Ng3 Qc7 22. Ngf5 Bxf5 23. Nxf5 Re6 24. Rde1 Rae8 25. Qd3 Qb7 26.
Re3 b5 27. cxb5 Qxb5 28. Qxb5 cxb5 29. Rfe1 a6 30. h4 g6 31. Nd4 R6e7 32.
Nc6 Re6 33. Kf2 h5 34. Nd4 R6e7 35. Nc6 Re6 36. Nd4 1/2-1/2

[Event "ESP-chT Div Honor 2018"]
[Site "Linares"]
[Date "2018.08.06"]
[Round "1"]
[White "Del Rio de Angelis, Salvador Gabriel"]
[Black "Moskalenko, Viktor"]
[Result "1/2-1/2"]
[WhiteElo "2525"]
[BlackElo "2504"]
[Annotator "TA"]
[EventDate "2018.08.06"]
[PlyCount "60"]
[EventType "team-tourn"]
[EventCountry "ESP"]

1. d4 f5 2. c4 Nf6 3. e3 e6 4. Nc3 b6 5. Bd3 Bb7 6. f3 c5 7. Nge2 Nc6 8.
O-O Bd6 9. dxc5 $146 Bxc5 10. Na4 Be7 11. b3 Nb4 12. Bb2 O-O 13. Qd2 d5 14.
Rfd1 Nxd3 15. Qxd3 dxc4 16. Qxc4 Qc8 17. Qd4 Qb8 18. Nf4 Rd8 19. Qc4 $1 Bd5
20. Qe2 Kf7 21. Nc3 Qb7 22. Nfxd5 Nxd5 $11 23. Nxd5 Rxd5 24. Rxd5 Qxd5 25.
Rd1 Qa5 26. a4 Rd8 27. Rxd8 Bxd8 28. Kf2 Qd5 29. Qc2 Bf6 30. Bxf6 Kxf6
1/2-1/2

[Event "ESP-chT Div Honor 2018"]
[Site "Linares"]
[Date "2018.08.06"]
[Round "1"]
[White "Mirzoev, Azer"]
[Black "Perez Candelario, Manuel"]
[Result "1/2-1/2"]
[WhiteElo "2510"]
[BlackElo "2611"]
[Annotator "TA"]
[EventDate "2018.08.06"]
[PlyCount "114"]
[EventType "team-tourn"]
[EventCountry "ESP"]

1. d4 Nf6 2. Nf3 g6 3. Nbd2 c5 4. e3 Bg7 5. dxc5 Qa5 6. a3 Qxc5 7. b4 Qc7
8. Bb2 O-O 9. c4 b6 10. Be2 Bb7 11. O-O d6 12. Qb3 Nbd7 13. h3 Rac8 14.
Rfd1 Rfd8 15. Rac1 Qb8 16. Qa2 $146 e5 17. a4 h6 18. a5 Nf8 19. axb6 axb6
20. Ra1 Ne6 21. Qb3 Bc6 22. Rdc1 Qb7 23. Ra3 Ra8 24. Rca1 Ne8 25. Ne1 Rxa3
26. Qxa3 Qc7 27. Qa7 Bb7 28. Qa4 Ra8 29. Qd1 Qb8 30. Qb1 N8c7 31. Bf3 d5
32. cxd5 Nxd5 33. Rxa8 Bxa8 34. Nd3 Ng5 35. Bd1 Ne7 36. Qa1 f6 37. Ne1 Bd5
38. h4 Nf7 39. Bf3 Be6 40. Ne4 f5 41. Ng3 Qd6 42. b5 h5 43. Be2 Bd5 44. Nf1
Bf6 45. g3 Kg7 46. Nf3 Bxf3 47. Bxf3 e4 48. Be2 Ne5 49. Bxe5 Bxe5 50. Qa7
Bc3 51. Kg2 Qc5 52. Qd7 Kf6 53. Qd8 Kf7 54. Qd7 Kf6 55. Qd8 Kf7 56. Qd7 Kf6
57. Qd8 Kf7 1/2-1/2

[Event "ESP-chT Div Honor 2018"]
[Site "Linares"]
[Date "2018.08.06"]
[Round "1"]
[White "Cuenca Jimenez, Jose Fernando"]
[Black "Magem Badals, Jordi"]
[Result "1/2-1/2"]
[WhiteElo "2506"]
[BlackElo "2531"]
[Annotator "TA"]
[EventDate "2018.08.06"]
[PlyCount "76"]
[EventType "team-tourn"]
[EventCountry "ESP"]

1. d4 d5 2. Nf3 Nf6 3. c4 e6 4. g3 Bb4+ 5. Bd2 Be7 6. Bg2 c6 7. Qb3 Nbd7 8.
O-O O-O 9. Nc3 b6 10. cxd5 cxd5 11. Rfc1 Bb7 12. Rc2 Rc8 13. Rac1 a6 14.
Nb1 $146 Rxc2 15. Rxc2 Qa8 16. Bb4 Bxb4 17. Qxb4 Rc8 18. Rxc8+ Qxc8 19. Nc3
Qf8 20. Qxf8+ Kxf8 21. Nd2 a5 22. f3 Ke7 23. e3 Ba6 24. h4 h6 25. g4 g5 26.
h5 Nb8 27. Bf1 Bxf1 28. Kxf1 $11 Nc6 29. Ke2 Ne8 30. a3 Nd6 31. Kd3 f5 32.
gxf5 Nxf5 33. Nf1 Kf7 34. Ne2 e5 35. Nh2 exd4 36. exd4 Ng7 37. Ng4 Nxh5 38.
Nxh6+ Ke6 1/2-1/2

[Event "ESP-chT Div Honor 2018"]
[Site "Linares"]
[Date "2018.08.06"]
[Round "1"]
[White "Ubilava, Elizbar"]
[Black "Cornette, Deimante"]
[Result "1-0"]
[WhiteElo "2485"]
[BlackElo "2463"]
[Annotator "TA"]
[EventDate "2018.08.06"]
[PlyCount "129"]
[EventType "team-tourn"]
[EventCountry "ESP"]

1. Nf3 d5 2. g3 Nf6 3. Bg2 c5 4. O-O Nc6 5. d3 e6 6. Nbd2 g6 7. e4 Bg7 8.
c3 O-O 9. Re1 a5 10. a4 b6 11. exd5 exd5 12. Nf1 Ba6 13. Bf4 Nh5 14. Bg5
Qd7 15. d4 cxd4 16. Nxd4 Nxd4 17. cxd4 h6 18. Be3 $146 Nf6 19. Nd2 Rfe8 20.
Nf3 Qd6 21. Ne5 Qb4 22. Nd3 Bxd3 23. Qxd3 Ne4 24. Qa3 Qxa3 25. Rxa3 Bf8 26.
Raa1 Rac8 27. Rec1 Bg7 28. b3 h5 29. Kf1 f5 30. Ke2 Kf7 31. Kd3 Ke6 32. f3
Nd6 33. Bf4 Kd7 34. Bf1 Bf6 35. Rxc8 Nxc8 36. Rc1 Nd6 37. h4 Bg7 38. Bh3
Bf6 39. Rg1 Re7 40. Be3 Re8 41. Bf2 Rh8 42. Be3 Re8 43. Bd2 Re7 44. Re1
Rxe1 45. Bxe1 $11 Ke6 46. g4 hxg4 47. fxg4 fxg4 48. Bxg4+ Ke7 49. Ke3 Nf5+
$2 50. Bxf5 $1 $18 gxf5 51. Kf4 Bxd4 $2 52. Kxf5 Be3 53. h5 d4 54. Ke4 Kd6
55. Kd3 Kc5 56. Bd2 Bf2 57. Bg5 Bg3 58. Be7+ Kc6 59. Kxd4 Bf4 60. Ke4 Bh6
61. Kf5 b5 62. Kg6 Bd2 63. Bg5 Bc3 64. h6 bxa4 65. bxa4 1-0

[Event "ESP-chT Div Honor 2018"]
[Site "Linares"]
[Date "2018.08.06"]
[Round "1"]
[White "Suarez Garcia, Carlos"]
[Black "De la Villa Garcia, Jesus Maria"]
[Result "1-0"]
[WhiteElo "2468"]
[BlackElo "2468"]
[TimeControl "40/5400+30:1800+30"]
[Annotator "ChessBase"]
[EventDate "2018.08.06"]
[PlyCount "63"]
[EventType "team-tourn"]
[EventCountry "ESP"]

1. Nf3 d5 2. g3 Bg4 3. Bg2 Nd7 4. c4 e6 5. cxd5 exd5 6. d3 Ngf6 7. Nc3 Nc5
8. Nd4 c6 9. h3 Bc8 10. e4 Be7 11. e5 Nfd7 12. f4 g6 13. O-O f5 14. b4 Qb6
15. Be3 Qxb4 16. Rc1 Nb6 17. g4 O-O 18. gxf5 Bxf5 19. Nxf5 Rxf5 20. Ne2 Ne6
21. Ng3 Rxf4 22. Bxf4 Nxf4 23. Kh2 Rf8 24. Ne2 Qb2 25. Nxf4 Qxe5 26. Qg4
Bd6 27. d4 Qf6 28. Rce1 Bxf4+ 29. Kh1 g5 30. Re5 Nc4 31. Rxf4 Qxf4 32.
Rxg5+ 1-0

[Event "ESP-chT Div Honor 2018"]
[Site "Linares"]
[Date "2018.08.06"]
[Round "1"]
[White "Ramiro Ovejero, Juan Luis"]
[Black "Lopez Martinez, Josep Manuel"]
[Result "1/2-1/2"]
[WhiteElo "2382"]
[BlackElo "2585"]
[Annotator "TA"]
[EventDate "2018.08.06"]
[PlyCount "133"]
[EventType "team-tourn"]
[EventCountry "ESP"]

1. e4 e5 2. Nf3 Nc6 3. Bb5 a6 4. Ba4 Nf6 5. O-O Be7 6. Re1 b5 7. Bb3 d6 8.
c3 O-O 9. h3 Nb8 10. d4 Nbd7 11. Nbd2 c5 12. Nf1 Bb7 13. Ng3 exd4 14. cxd4
cxd4 15. Nxd4 Re8 16. Ndf5 $1 d5 $146 17. exd5 Bf8 18. Rxe8 Qxe8 19. Be3 g6
20. Nh6+ Bxh6 21. Bxh6 Qe5 22. Qd2 Nc5 23. Bf4 Nxb3 $14 24. Bxe5 Nxd2 25.
Bxf6 Bxd5 26. f3 Nc4 27. b3 Nb6 28. Rd1 Rc8 29. Ne4 Kf8 30. Nc3 Bc6 31. Kf2
Nd7 32. Bd4 f6 33. Rd2 Ke7 34. Re2+ Kf7 35. h4 Nf8 36. Ne4 Bxe4 $1 37. fxe4
$11 h5 38. Be3 Nd7 39. Bf4 Ke6 40. Rd2 Ne5 41. Ke2 Rc3 42. Rd8 Rc2+ 43. Rd2
Rc8 44. Rd5 Nf7 45. Kd2 g5 46. hxg5 fxg5 47. Bxg5 Rg8 48. Bh4 Rxg2+ 49. Kc3
Ne5 50. Bd8 Re2 51. Bc7 Rxe4 52. Rd6+ Kf5 53. Rxa6 b4+ 54. Kd2 h4 55. a4
bxa3 56. Rxa3 h3 57. Ra8 Ng6 58. Kd3 Nf4+ 59. Bxf4 Rxf4 60. Ke3 Rh4 61.
Ra5+ Ke6 62. Ra6+ Kd5 63. Ra5+ Kd6 64. Ra6+ Kc5 65. Ra5+ Kb6 66. Ra1 h2 67.
Rh1 1/2-1/2

[Event "ESP-chT Div Honor 2018"]
[Site "Linares"]
[Date "2018.08.06"]
[Round "1"]
[White "Matnadze, Ana"]
[Black "Vega Gutierrez, Sabrina Neide"]
[Result "1/2-1/2"]
[WhiteElo "2378"]
[BlackElo "2390"]
[TimeControl "40/5400+30:1800+30"]
[Annotator "NA"]
[EventDate "2018.08.06"]
[PlyCount "114"]
[EventType "team-tourn"]
[EventCountry "ESP"]

1. e4 c5 2. b3 Nc6 3. Bb2 e5 4. f4 exf4 5. Nf3 Nge7 6. Bc4 Ng6 7. O-O d6 8.
Nc3 Be7 9. Nd5 O-O 10. d4 Bg4 11. c3 Kh8 12. h3 Bxf3 13. Qxf3 Bg5 14. Rad1
cxd4 15. cxd4 Nce7 16. Qh5 Bh6 17. e5 Nxd5 18. Bxd5 dxe5 19. dxe5 Qc7 20.
Kh1 Rfe8 21. Rfe1 Rad8 22. Bc4 Qe7 23. Qf5 Qg5 24. Qxg5 Bxg5 25. Bxf7 Rxd1
26. Rxd1 Rd8 27. Rxd8+ Bxd8 28. Kg1 Nh4 29. Bd5 b6 30. Be4 Kg8 31. Kf2 g6
32. Bd5+ Kf8 33. Ke2 Be7 34. Kd3 Nf5 35. Bc1 Ne3 36. Be4 g5 37. Bxe3 fxe3
38. Bxh7 Bc5 39. Bf5 Bd4 40. e6 Ke7 41. Bg4 Bc5 42. g3 Bd6 43. h4 gxh4 44.
gxh4 Bf4 45. h5 Bh6 46. Kc4 e2 47. Bxe2 Kxe6 48. Kb5 Kf6 49. Ka6 Be3 50. a4
Kg7 51. b4 Bd4 52. b5 Be3 53. Kxa7 Bd4 54. Ka6 Be3 55. a5 bxa5 56. Kxa5 Bd4
57. b6 Bxb6+ 1/2-1/2

[Event "ESP-chT Div Honor 2018"]
[Site "Linares"]
[Date "2018.08.06"]
[Round "1"]
[White "Assaubayeva, Bibissara"]
[Black "Collazo Hidalgo Gato, Niala"]
[Result "1-0"]
[WhiteElo "2346"]
[BlackElo "2199"]
[TimeControl "40/5400+30:1800+30"]
[Annotator "NA"]
[EventDate "2018.08.06"]
[PlyCount "69"]
[EventType "team-tourn"]
[EventCountry "ESP"]

1. d4 Nf6 2. c4 d6 3. Nc3 g6 4. e4 Bg7 5. f3 O-O 6. Be3 e5 7. d5 c6 8. Bd3
cxd5 9. cxd5 a6 10. Nge2 Nbd7 11. O-O b5 12. a3 Nc5 13. Bc2 Rb8 14. Qd2 Nh5
15. Na2 f5 16. exf5 gxf5 17. Nb4 Qe8 18. Nc6 Rb7 19. Nc3 Nd7 20. a4 b4 21.
Ne2 Nc5 22. Nxb4 a5 23. Nd3 Nxd3 24. Bxd3 e4 25. Bb5 Bd7 26. fxe4 Bxb5 27.
axb5 Rxb5 28. Nd4 f4 29. Nxb5 fxe3 30. Rxf8+ Bxf8 31. Qe2 Qg6 32. Qxe3 Bh6
33. Qf3 Nf4 34. Rxa5 Bg5 35. Qg4 1-0